Romances de José Saramago - Statistics

Estatísticas Gerais
  • Esse quiz foi jogado 31 vezes
  • A pontuação média é 14 de 18
Estatísticas das Respostas
Ano Resposta % Correto
1986 A Jangada de Pedra
87%
1995 Ensaio sobre a Cegueira
87%
1984 O Ano da Morte de Ricardo Reis
87%
1991 O Evangelho Segundo Jesus Cristo
87%
2002 O Homem Duplicado
87%
1997 Todos os Nomes
87%
2000 A Caverna
80%
2008 A Viagem do Elefante
80%
2009 Caim
80%
2004 Ensaio sobre a Lucidez
80%
1980 Levantado do Chão
80%
1977 Manual de Pintura e Caligrafia
80%
1982 Memorial do Convento
80%
1947 Terra do Pecado
80%
2005 As Intermitências da Morte
73%
2011 Claraboia
73%
1989 História do Cerco de Lisboa
73%
2014 Alabardas, Alabardas, Espingardas, Espingardas
67%
Nenhum quiz correspondente encontrado
Distribuição das Pontuações
Porcentagem de Pessoas com Cada Pontuação
Percentil de Números Respondidos
Sua Pontuação Histórica
Você não jogou esse quiz